000 00270nam a2200097Ia 4500
082 _aJ 363.7282 WALK
245 0 _aFood and garden waste
100 _a WALKER, Kate South Yarra, Vic., 2009
_983037
942 _cBK
008 210817s9999 xx 000 0 und d
999 _c422852
_d422851